书目信息 |
| 题名: |
新中国外交谈判
|
|
| 作者: | 陈敦德 著 | |
| 分册: | ||
| 出版信息: | 北京 中国青年出版社 2005.1 |
|
| 页数: | 11,648页 | |
| 开本: | 21cm | |
| 丛书名: | ||
| 单 册: | ||
| 中图分类: | D829 | |
| 科图分类: | ||
| 主题词: | 外交--wai jiao--谈判--中国--现代--史料 , 外交--wai jiao , 谈判--tan pan | |
| 电子资源: | ||
| ISBN: | 7-5006-5908-3 | |
| 000 | 00918nam0 2200289 450 | |
| 000 | 00937nam0 2200289 450 | |
| 000 | 00900nam0 2200277 450 | |
| 000 | 00883nam0 2200277 450 | |
| 000 | 00846nam0 2200265 45 | |
| 001 | 012005000000 | |
| 005 | 20050908153352.51 | |
| 010 | @a7-5006-5908-3@dCNY31.20 | |
| 100 | @a20050505d2005 em y0chiy0121 ea | |
| 101 | 0 | @achi |
| 102 | @aCN@b110000 | |
| 105 | @ay z 000yd | |
| 200 | 1 | @a新中国外交谈判@Axin zhong guo wai jiao tan pan@f陈敦德著 |
| 210 | @a北京@c中国青年出版社@d2005.1 | |
| 215 | @a11,648页@d21cm | |
| 330 | @a本书通过纪实的手法,翔实地记述了新中国外交谈判的历史情况,对重大事件、历史人物与时代环境作了生动的描述。 | |
| 606 | 0 | @a外交@Awai jiao@x谈判@y中国@z现代@j史料 |
| 606 | 0 | @a外交@Awai jiao |
| 606 | 0 | @a谈判@Atan pan |
| 690 | @aD829@v4 | |
| 701 | 0 | @a陈敦德@Achen dun de@4著 |
| 801 | 0 | @aCN@bSRXX@c20050908 |
| 905 | @a10447@dD829@eC390 | |
| 新中国外交谈判/陈敦德著.-北京:中国青年出版社,2005.1 |
| 11,648页;21cm |
| ISBN 7-5006-5908-3:CNY31.20 |
| 本书通过纪实的手法,翔实地记述了新中国外交谈判的历史情况,对重大事件、历史人物与时代环境作了生动的描述。 |
| ● |
| 相关链接 |
|
|
|
正题名:新中国外交谈判
索取号:D829/C390
 
预约/预借
| 序号 | 登录号 | 条形码 | 馆藏地/架位号 | 状态 | 备注 |
| 1 | 541070 | 205410704 | 社科库509/509社科库 79排4列1层/ [索取号:D829/C390] | 在馆 | |
| 2 | 541071 | 205410713 | 社科库509/509社科库 79排4列1层/ [索取号:D829/C390] | 在馆 | |
| 3 | 541072 | 205410722 | 社科库509/509社科库 79排4列1层/ [索取号:D829/C390] | 在馆 |